[Event "Quebec-ch 1/2 final"]
[Site "Montreal CAN"]
[Date "2003.06.15"]
[Round "4"]
[White "Gauthier, Denis"]
[Black "Rousseau, Daniel"]
[Result "0-1"]
[WhiteElo "2003"]
[BlackElo "2173"]
[PlyCount "100"]
[GameId "2160767911302367"]
[EventDate "2003.06.13"]
[EventType "swiss"]
[EventRounds "5"]
[EventCountry "CAN"]

1. d4 Nf6 2. c4 g6 3. Nc3 Bg7 4. Nf3 O-O 5. Bf4 d6 6. h3 Nbd7 7. e3 c5 8. Be2 b6 9. O-O Bb7 10. d5 Ne8 11. e4 a6 12. a4 Ne5 13. Qd2 Nxf3+ 14. Bxf3 Nc7 15. Bh6 Bc8 16. Rfe1 f6 17. Be2 Bd7 18. Bd3 e5 19. dxe6 Nxe6 20. Be3 Re8 21. Bc2 Bf8 22. f4 Nc7 23. Nd5 Nxd5 24. exd5 f5 25. Re2 Bg7 26. Rae1 b5 27. b3 bxa4 28. bxa4 Rb8 29. Rb1 Rxb1+ 30. Bxb1 Bxa4 31. Kh2 Bd7 32. Bf2 Rxe2 33. Qxe2 a5 34. Qe1 a4 35. Bh4 Qb8 36. Qe7 Be8 37. Ba2 Bf8 38. Qe6+ Bf7 39. Qe2 Bg7 40. Qe7 Bb2 41. Bg5 a3 42. Qe3 Qb4 43. Be7 Bd4 44. Qb3 Be8 45. Bxd6 Qe1 46. Qb1 Qe3 47. Qd1 Bd7 48. Qf3 Qg1+ 49. Kg3 Qe1+ 50. Kh2 Bg1+ 0-1

[Event "Quebec-ch 1/2 final"]
[Site "Montreal CAN"]
[Date "2003.06.15"]
[Round "5"]
[White "Rousseau, Daniel"]
[Black "Beaulieu, Eric"]
[Result "1-0"]
[WhiteElo "2173"]
[BlackElo "2137"]
[PlyCount "67"]
[GameId "2160767911302375"]
[EventDate "2003.06.13"]
[EventType "swiss"]
[EventRounds "5"]
[EventCountry "CAN"]

1. e4 c6 2. d4 d5 3. Nc3 dxe4 4. Nxe4 Nd7 5. Bc4 Ngf6 6. Ng5 e6 7. Qe2 Nb6 8. Bb3 c5 9. N1f3 Qc7 10. Ne5 cxd4 11. O-O Bd6 12. Nexf7 Bxh2+ 13. Kh1 O-O 14. g3 Rxf7 15. Nxf7 Qxf7 16. Kxh2 Nbd5 17. Kg1 Ne7 18. Bg5 h6 19. Bxf6 Qxf6 20. Rfe1 Kf7 21. Rad1 Nc6 22. Rd3 Ke7 23. Rf3 Qg6 24. Qb5 Kd6 25. Rf8 e5 26. Qd5+ Kc7 27. Rf7+ Kb6 28. a4 a5 29. Qb5+ Ka7 30. Bd5 Kb8 31. Rxe5 Qxc2 32. Re8 Ka7 33. Rxc8 Qd1+ 34. Kg2 1-0

[Event "Marathon"]
[Site "Granby CAN"]
[Date "2003.05.16"]
[Round "1"]
[White "Deslandes, Raynald"]
[Black "Rousseau, Daniel"]
[Result "0-1"]
[WhiteElo "1677"]
[BlackElo "2192"]
[PlyCount "40"]
[GameId "2160767911302594"]
[EventDate "2003.05.16"]
[EventType "swiss"]
[EventRounds "7"]
[EventCountry "CAN"]

1. e4 e5 2. Nf3 Nc6 3. Bb5 a6 4. Ba4 Nf6 5. O-O b5 6. Bb3 Bc5 7. Nxe5 Nxe5 8. d4 Bxd4 9. Qxd4 d6 10. Qe3 O-O 11. c3 Re8 12. Bc2 Bb7 13. Re1 d5 14. f4 Nc4 15. Qg3 Nxe4 16. Bxe4 Rxe4 17. b3 Nd6 18. Rxe4 Nxe4 19. Qg4 Qf6 20. Bb2 Qb6+ 0-1

[Event "Marathon"]
[Site "Granby CAN"]
[Date "2003.05.17"]
[Round "2"]
[White "Rousseau, Daniel"]
[Black "Papineau (Granby), Daniel"]
[Result "0-1"]
[WhiteElo "2192"]
[BlackElo "2035"]
[PlyCount "77"]
[GameId "2160767911302597"]
[EventDate "2003.05.16"]
[EventType "swiss"]
[EventRounds "7"]
[EventCountry "CAN"]

1. e4 d5 2. e5 Bf5 3. d3 e6 4. h4 h5 5. Bg5 Ne7 6. Ne2 c5 7. Ng3 Qc7 8. Bxe7 Qxe5+ 9. Be2 Bxe7 10. Nxf5 Qxf5 11. Nd2 Nc6 12. Nf3 e5 13. c3 O-O-O 14. Qc2 Qe6 15. O-O-O f5 16. Rde1 Bf6 17. Qb3 Rhe8 18. Nd2 g6 19. Qa3 Qd6 20. Nb3 Be7 21. Kb1 Kb8 22. Rd1 b6 23. g3 Qc7 24. Qa4 Qb7 25. Nd2 Bf6 26. Bf3 e4 27. Bg2 Ne5 28. dxe4 fxe4 29. Rhe1 Ng4 30. Re2 b5 31. Qc2 Qc6 32. Rde1 Bg7 33. f3 exf3 34. Nxf3 Bh6 35. Qd3 Rxe2 36. Rxe2 a6 37. Ne5 Qf6 38. Nxg6 Ne3 39. Bh3 0-1

[Event "Marathon"]
[Site "Granby CAN"]
[Date "2003.05.17"]
[Round "3"]
[White "Fecteau, Denis"]
[Black "Rousseau, Daniel"]
[Result "1/2-1/2"]
[WhiteElo "1681"]
[BlackElo "2192"]
[PlyCount "121"]
[GameId "2160767911302598"]
[EventDate "2003.05.16"]
[EventType "swiss"]
[EventRounds "7"]
[EventCountry "CAN"]

1. d4 Nf6 2. c4 g6 3. Nc3 Bg7 4. e4 d6 5. f3 O-O 6. Be3 Nc6 7. Qd2 e5 8. d5 Nd4 9. Nge2 c5 10. dxc6 bxc6 11. Nxd4 exd4 12. Bxd4 Qa5 13. Be2 Be6 14. O-O Qb4 15. a3 Qb3 16. c5 dxc5 17. Bxc5 Rfd8 18. Qc1 Nd7 19. Be7 Re8 20. Bh4 Nb6 21. Rb1 Nc4 22. Bxc4 Bxc4 23. Qd1 Qb6+ 24. Bf2 Qa6 25. Re1 Rab8 26. Qa4 Qxa4 27. Nxa4 Bb3 28. Nc5 Ba2 29. Rbc1 Rxb2 30. Nd3 Rb3 31. Nb4 Rxa3 32. Nxc6 a6 33. e5 Be6 34. f4 Ra8 35. Bc5 Ra4 36. Ne7+ Kh8 37. g3 h5 38. Ra1 Rxa1 39. Rxa1 Bf8 40. Bd6 Kg7 41. Ra5 Bc4 42. Nc6 Bb5 43. Nd4 Bd7 44. Kf2 Bc8 45. Bxf8+ Kxf8 46. Ke3 Ke7 47. Nb5 Kd8 48. Nd6 Be6 49. Kd4 Kc7 50. Kc5 Bb3 51. Nb5+ Kb7 52. Nd6+ Ka7 53. Kc6 Rb8 54. Kd7 Kb6 55. Ra3 Be6+ 56. Ke7 Bd5 57. Ra1 Ka7 58. Kf6 Rf8 59. Ke7 Rb8 60. Kf6 Rf8 61. Ke7 1/2-1/2

[Event "Marathon"]
[Site "Granby CAN"]
[Date "2003.05.17"]
[Round "4"]
[White "Rousseau, Daniel"]
[Black "Archambault, Serge"]
[Result "1-0"]
[WhiteElo "2192"]
[BlackElo "1779"]
[PlyCount "63"]
[GameId "2160767911302602"]
[EventDate "2003.05.16"]
[EventType "swiss"]
[EventRounds "7"]
[EventCountry "CAN"]

1. e4 c5 2. Nf3 Nc6 3. d4 cxd4 4. Nxd4 e5 5. Nb5 d6 6. N1c3 Nf6 7. Bg5 a6 8. Bxf6 gxf6 9. Na3 Be6 10. Nc4 b5 11. Ne3 Rc8 12. Ncd5 Be7 13. a4 Qa5+ 14. c3 b4 15. Nc4 Qd8 16. a5 bxc3 17. bxc3 Na7 18. Ncb6 Bxd5 19. exd5 Rxc3 20. Qa4+ Kf8 21. Bxa6 Rg8 22. O-O f5 23. Qd7 Qxd7 24. Nxd7+ Kg7 25. Rfb1 Rc7 26. Rb7 Rxb7 27. Bxb7 Rd8 28. Nb6 e4 29. Ba6 Bf6 30. Rc1 Bd4 31. Rc7 Bxb6 32. axb6 1-0

[Event "Marathon"]
[Site "Granby CAN"]
[Date "2003.05.18"]
[Round "5"]
[White "Rousseau, Daniel"]
[Black "Dubois, Julien"]
[Result "1-0"]
[WhiteElo "2192"]
[BlackElo "1752"]
[PlyCount "31"]
[GameId "2160767911302606"]
[EventDate "2003.05.16"]
[EventType "swiss"]
[EventRounds "7"]
[EventCountry "CAN"]

1. e4 g6 2. d4 Bg7 3. Nf3 d6 4. Bc4 Nd7 5. Bxf7+ Kf8 6. Bb3 e5 7. Ng5 Nb6 8. Nf7 Qh4 9. O-O exd4 10. Bg5 Qxe4 11. Re1 Qg4 12. f3 Qf5 13. Qe2 Be5 14. g4 Qd7 15. Nxe5 dxe5 16. Qxe5 1-0

[Event "Marathon"]
[Site "Granby CAN"]
[Date "2003.05.18"]
[Round "6"]
[White "Bolduc, Steve"]
[Black "Rousseau, Daniel"]
[Result "1/2-1/2"]
[WhiteElo "2274"]
[BlackElo "2192"]
[PlyCount "110"]
[GameId "2160767911302607"]
[EventDate "2003.05.16"]
[EventType "swiss"]
[EventRounds "7"]
[EventCountry "CAN"]

1. d4 Nf6 2. c4 g6 3. Nc3 Bg7 4. e4 d6 5. Nge2 O-O 6. Ng3 e5 7. d5 h5 8. Bg5 Qe8 9. h4 Nh7 10. Bd2 Qe7 11. Be2 Bf6 12. Nf1 Bxh4 13. Bxh5 Qf6 14. g3 Bg5 15. Bg4 Bxd2+ 16. Nxd2 Na6 17. Bxc8 Rfxc8 18. Qe2 Kg7 19. O-O-O Rh8 20. Qe3 Ng5 21. f4 Nh3 22. Rdf1 Nc5 23. Kc2 a6 24. b4 Nd7 25. Qf3 Rh6 26. fxe5 Qxf3 27. Nxf3 Nxe5 28. Nxe5 dxe5 29. c5 Ng5 30. Rxh6 Kxh6 31. Kd3 Kg7 32. Kc4 Rh8 33. Re1 Nf3 34. Re3 Nd2+ 35. Kd3 Rh2 36. Re2 Rxe2 37. Kxe2 Nc4 38. g4 Kf6 39. b5 Na5 40. Kd3 Ke7 41. g5 f6 42. gxf6+ Kxf6 43. c6 axb5 44. cxb7 Nxb7 45. Nxb5 Nc5+ 46. Ke3 Na6 47. Kf3 Ke7 48. Kg4 Kd7 49. Kg5 c6 50. Nc3 cxd5 51. Nxd5 Kd6 52. Kxg6 Kc5 53. Kf5 Kd4 54. Nf6 Nc5 55. a3 Kc3 1/2-1/2

[Event "Marathon"]
[Site "Granby CAN"]
[Date "2003.05.18"]
[Round "7"]
[White "Rousseau, Daniel"]
[Black "Boulay, David"]
[Result "1-0"]
[WhiteElo "2192"]
[BlackElo "2243"]
[PlyCount "81"]
[GameId "2160767911302612"]
[EventDate "2003.05.16"]
[EventType "swiss"]
[EventRounds "7"]
[EventCountry "CAN"]

1. e4 c5 2. Nf3 d6 3. d4 cxd4 4. Nxd4 Nf6 5. Nc3 a6 6. Be2 e6 7. O-O Be7 8. Be3 Qc7 9. a4 Nc6 10. Nxc6 Qxc6 11. Bf3 e5 12. h3 Be6 13. Qd2 Rc8 14. Rfc1 h6 15. Nd5 Bxd5 16. exd5 Qc7 17. a5 O-O 18. c4 Nd7 19. b4 f5 20. Qa2 Kh8 21. Be2 f4 22. Bd2 Nf6 23. f3 g5 24. Qb1 Kg7 25. Be1 Qd7 26. Bd3 Ng8 27. Qb3 h5 28. Bc2 Rf6 29. Qd3 Rh6 30. Ba4 Qd8 31. Bf2 Qf8 32. Rc2 g4 33. Rac1 Rg6 34. Kh1 Nh6 35. c5 Qf6 36. c6 bxc6 37. Rxc6 Ra8 38. Bc2 g3 39. Bb6 Rg5 40. Qh7+ Kf8 41. Be4 1-0

[Event "Quebec-ch qual 1"]
[Site "Montreal CAN"]
[Date "2003.05.02"]
[Round "1"]
[White "Rousseau, Daniel"]
[Black "Charron, Guillaume"]
[Result "1-0"]
[WhiteElo "2113"]
[BlackElo "1524"]
[PlyCount "40"]
[GameId "2160767911302856"]
[EventDate "2003.05.02"]
[EventType "swiss"]
[EventRounds "5"]
[EventCountry "CAN"]
[SourceTitle "EXT 2006"]
[Source "ChessBase"]
[SourceDate "2005.11.24"]
[SourceVersion "1"]
[SourceVersionDate "2005.11.24"]
[SourceQuality "1"]

1. e4 c5 2. Nf3 e6 3. d4 cxd4 4. Nxd4 Nf6 5. Nc3 Nc6 6. Be2 d6 7. Be3 Be7 8. f3 a6 9. Qd2 Qc7 10. O-O-O Bd7 11. g4 e5 12. Nf5 Bxf5 13. exf5 b5 14. a3 b4 15. axb4 Nxb4 16. g5 Qa5 17. Bc4 Rb8 18. Kb1 Nd7 19. Nd5 Bf8 20. Bb3 Qb5 1-0

[Event "Quebec-ch qual 1"]
[Site "Montreal CAN"]
[Date "2003.05.03"]
[Round "2"]
[White "Samson, Gaetan"]
[Black "Rousseau, Daniel"]
[Result "1-0"]
[WhiteElo "1901"]
[BlackElo "2113"]
[PlyCount "91"]
[GameId "2160767911302860"]
[EventDate "2003.05.02"]
[EventType "swiss"]
[EventRounds "5"]
[EventCountry "CAN"]
[SourceTitle "EXT 2006"]
[Source "ChessBase"]
[SourceDate "2005.11.24"]
[SourceVersion "1"]
[SourceVersionDate "2005.11.24"]
[SourceQuality "1"]

1. e4 e5 2. Nf3 Nc6 3. Bb5 a6 4. Ba4 Nf6 5. O-O b5 6. Bb3 Bc5 7. c3 d6 8. d3 Bb7 9. h3 Qd7 10. Be3 O-O-O 11. a4 h6 12. axb5 axb5 13. Bd5 Nxd5 14. exd5 Ne7 15. c4 f6 16. Bxc5 dxc5 17. Nc3 c6 18. Ne4 cxd5 19. Nxc5 Qd6 20. Nxb7 Kxb7 21. Qb3 Qb6 22. cxb5 Ra8 23. Ra3 Rhc8 24. Rfa1 Qc5 25. Ra6 Rab8 26. Ra7+ Qxa7 27. Rxa7+ Kxa7 28. Qa3+ Kb6 29. Qxe7 Kxb5 30. Qxg7 Rc6 31. Qd7 Kc5 32. d4+ exd4 33. Nxd4 Rcb6 34. Ne6+ Kc4 35. Nc7 Rxb2 36. Qxd5+ Kc3 37. Qf5 Rb1+ 38. Kh2 Kd2 39. Qxf6 Ke2 40. Nd5 Kf1 41. Qa6+ Kxf2 42. Qf6+ Ke1 43. Qe5+ Kf1 44. Qf4+ Ke1 45. Qe3+ Kf1 46. Nf4 1-0

[Event "Quebec-ch qual 1"]
[Site "Montreal CAN"]
[Date "2003.05.03"]
[Round "3"]
[White "Rousseau, Daniel"]
[Black "Blais, Richard"]
[Result "1-0"]
[WhiteElo "2113"]
[BlackElo "1759"]
[PlyCount "91"]
[GameId "2160767911302869"]
[EventDate "2003.05.02"]
[EventType "swiss"]
[EventRounds "5"]
[EventCountry "CAN"]
[SourceTitle "EXT 2006"]
[Source "ChessBase"]
[SourceDate "2005.11.24"]
[SourceVersion "1"]
[SourceVersionDate "2005.11.24"]
[SourceQuality "1"]

1. e4 e5 2. Nf3 Nc6 3. Bb5 d6 4. d4 Bd7 5. d5 Nce7 6. Bxd7+ Qxd7 7. O-O Nf6 8. Re1 Ng6 9. c4 Be7 10. Nc3 O-O 11. Bd2 c6 12. Qa4 a6 13. Rad1 c5 14. Qxd7 Nxd7 15. g4 Rfb8 16. a4 b6 17. Ra1 Bd8 18. Kg2 Rb7 19. Kg3 Rab8 20. h4 Ne7 21. h5 Nc8 22. g5 Nf8 23. Rh1 Na7 24. Nh4 a5 25. Nf5 Rd7 26. Rh3 Rbb7 27. Rah1 Be7 28. f4 f6 29. Kf3 fxg5 30. fxe5 dxe5 31. h6 g6 32. Ne3 Bd8 33. Ng4 Rf7+ 34. Ke2 Nd7 35. Rf3 Rxf3 36. Kxf3 Be7 37. Rf1 Rb8 38. Ke2 Rf8 39. Rxf8+ Kxf8 40. Kd3 Kf7 41. Ne2 Bf6 42. Ng1 Ke7 43. Nf3 Kd6 44. Bxg5 Bxg5 45. Nxg5 Nf8 46. Nf7+ 1-0

[Event "Quebec-ch qual 1"]
[Site "Montreal CAN"]
[Date "2003.05.04"]
[Round "4"]
[White "Desautels, Richard"]
[Black "Rousseau, Daniel"]
[Result "0-1"]
[WhiteElo "1722"]
[BlackElo "2113"]
[PlyCount "106"]
[GameId "2160767911302872"]
[EventDate "2003.05.02"]
[EventType "swiss"]
[EventRounds "5"]
[EventCountry "CAN"]
[SourceTitle "EXT 2006"]
[Source "ChessBase"]
[SourceDate "2005.11.24"]
[SourceVersion "1"]
[SourceVersionDate "2005.11.24"]
[SourceQuality "1"]

1. d4 Nf6 2. c4 g6 3. Nc3 Bg7 4. e4 d6 5. Be2 O-O 6. Nf3 e5 7. O-O Nc6 8. d5 Ne7 9. Ne1 Nd7 10. Be3 f5 11. f3 f4 12. Bf2 Nf6 13. Nd3 g5 14. c5 Ng6 15. Rc1 Rf7 16. Nb5 g4 17. cxd6 cxd6 18. Qe1 g3 19. hxg3 fxg3 20. Bxg3 Qb6+ 21. Qf2 Qd8 22. Qe3 Nh5 23. Bf2 Ngf4 24. Rc2 Bh6 25. Nxf4 Bxf4 26. Qa3 Ng3 27. Bxg3 Bxg3 28. Rfc1 Bd7 29. Nxd6 Qh4 30. Qe3 Bf4 31. Qf2 Qg5 32. Nxf7 Kxf7 33. Qe1 Be3+ 34. Kf1 Rg8 35. Bc4 Qh6 36. d6+ Be6 37. Bxe6+ Kxe6 38. g4 Qf4 39. Ke2 Rf8 40. Qh1 Rf6 41. Rf1 Rh6 42. Qg2 Rh2 43. Kd3 Rxg2 44. Rxg2 Bb6 45. Kc2 Kxd6 46. Rd2+ Kc6 47. Rh1 h6 48. Rd3 Bd4 49. Kb1 b6 50. a3 a5 51. Rh5 Kc5 52. Rf5 Qh2 53. Rb3 Kc4 0-1

[Event "Quebec-ch qual 1"]
[Site "Montreal CAN"]
[Date "2003.05.04"]
[Round "5"]
[White "Rousseau, Daniel"]
[Black "Libersan, Thierry"]
[Result "1-0"]
[WhiteElo "2113"]
[BlackElo "1949"]
[PlyCount "43"]
[GameId "2160767911302882"]
[EventDate "2003.05.02"]
[EventType "swiss"]
[EventRounds "5"]
[EventCountry "CAN"]
[SourceTitle "EXT 2006"]
[Source "ChessBase"]
[SourceDate "2005.11.24"]
[SourceVersion "1"]
[SourceVersionDate "2005.11.24"]
[SourceQuality "1"]

1. e4 c5 2. Nf3 d6 3. d4 cxd4 4. Nxd4 Nf6 5. Nc3 a6 6. a4 e5 7. Nb3 Be6 8. Be2 Be7 9. O-O O-O 10. f4 Qc7 11. Be3 Bc4 12. g4 Bxe2 13. Qxe2 Qd7 14. f5 Qc6 15. Na5 Qc7 16. Nc4 Nbd7 17. g5 Nxe4 18. Nd5 Qd8 19. Qg2 Nxg5 20. Nxe7+ Qxe7 21. Bxg5 f6 22. Be3 1-0

[Event "Printemps"]
[Site "Montreal CAN"]
[Date "2003.04.26"]
[Round "3"]
[White "Dominique, Vladimir"]
[Black "Rousseau, Daniel"]
[Result "0-1"]
[WhiteElo "1845"]
[BlackElo "2105"]
[PlyCount "52"]
[GameId "2160767911303021"]
[EventDate "2003.04.25"]
[EventType "swiss"]
[EventRounds "5"]
[EventCountry "CAN"]
[SourceTitle "EXT 2022"]
[Source "ChessBase"]
[SourceDate "2021.10.06"]
[SourceVersion "1"]
[SourceVersionDate "2021.10.06"]
[SourceQuality "1"]

1. e4 e5 2. f4 d5 3. exd5 e4 4. d3 Nf6 5. dxe4 Nxe4 6. Nf3 Bc5 7. Qe2 Bf2+ 8. Kd1 Qxd5+ 9. Nbd2 f5 10. Ng5 Bb6 11. Ngxe4 fxe4 12. Qxe4+ Qxe4 13. Nxe4 Nc6 14. c3 Bf5 15. Nd2 O-O-O 16. Bb5 Ne7 17. Re1 Nd5 18. Re5 g6 19. Ke2 Nxf4+ 20. Kf3 Nd3 21. Bxd3 Rxd3+ 22. Ke2 Rhd8 23. Nf3 Rd1 24. b3 Bg4 25. h3 Bxf3+ 26. Kxf3 Rf1+ 0-1

[Event "Printemps"]
[Site "Montreal CAN"]
[Date "2003.04.27"]
[Round "4"]
[White "Rousseau, Daniel"]
[Black "Fillion, Steve"]
[Result "1-0"]
[WhiteElo "2105"]
[BlackElo "2169"]
[PlyCount "51"]
[GameId "2160767911303024"]
[EventDate "2003.04.25"]
[EventType "swiss"]
[EventRounds "5"]
[EventCountry "CAN"]
[SourceTitle "EXT 2022"]
[Source "ChessBase"]
[SourceDate "2021.10.06"]
[SourceVersion "1"]
[SourceVersionDate "2021.10.06"]
[SourceQuality "1"]

1. e4 c6 2. d4 d5 3. Nc3 g6 4. exd5 cxd5 5. g3 Bg7 6. Bg2 Nf6 7. h3 O-O 8. Nge2 Nc6 9. g4 e6 10. O-O Qb6 11. Bf4 Bd7 12. Na4 Qb5 13. b3 Rfc8 14. a3 Na5 15. Re1 b6 16. Nac3 Qa6 17. a4 Bc6 18. b4 Nc4 19. b5 Qa5 20. bxc6 Rxc6 21. Qb1 a6 22. Rd1 Rac8 23. Na2 Bf8 24. c3 Na3 25. Qb3 Rc4 26. Nb4 1-0

[Event "Laval XX"]
[Site "Laval CAN"]
[Date "2003.04.11"]
[Round "1"]
[White "Rousseau, Daniel"]
[Black "Ouellet-Leveille, Clement"]
[Result "1-0"]
[WhiteElo "2104"]
[BlackElo "1877"]
[PlyCount "37"]
[GameId "2160767911303116"]
[EventDate "2003.04.11"]
[EventType "swiss"]
[EventRounds "5"]
[EventCountry "CAN"]
[SourceTitle "EXT 2022"]
[Source "ChessBase"]
[SourceDate "2021.10.06"]
[SourceVersion "1"]
[SourceVersionDate "2021.10.06"]
[SourceQuality "1"]

1. e4 Nc6 2. Nf3 d6 3. d4 e5 4. dxe5 Nxe5 5. Nxe5 dxe5 6. Qxd8+ Kxd8 7. Bc4 f5 8. Nc3 f4 9. g3 Bd6 10. Nb5 g5 11. h4 Nf6 12. Nxd6 cxd6 13. hxg5 Nxe4 14. g6 fxg3 15. fxg3 d5 16. Bxd5 Nxg3 17. g7 Rg8 18. Bxg8 Nxh1 19. Bd5 1-0

[Event "Laval XX"]
[Site "Laval CAN"]
[Date "2003.04.12"]
[Round "2"]
[White "Bolduc, Steve"]
[Black "Rousseau, Daniel"]
[Result "1-0"]
[WhiteElo "2312"]
[BlackElo "2071"]
[PlyCount "87"]
[GameId "2160767911303118"]
[EventDate "2003.04.11"]
[EventType "swiss"]
[EventRounds "5"]
[EventCountry "CAN"]
[SourceTitle "EXT 2006"]
[Source "ChessBase"]
[SourceDate "2005.11.24"]
[SourceVersion "1"]
[SourceVersionDate "2005.11.24"]
[SourceQuality "1"]

1. d4 Nf6 2. c4 g6 3. Nc3 Bg7 4. e4 d6 5. Nge2 O-O 6. Ng3 Nc6 7. d5 Nb8 8. Be2 c6 9. O-O a6 10. a4 a5 11. Be3 Na6 12. h3 Nd7 13. Qd2 Ndc5 14. Ra3 Qb6 15. h4 Qb4 16. Bh6 Nb3 17. Rxb3 Qxb3 18. Nh5 Bh8 19. e5 Nc5 20. dxc6 Bxe5 21. Bxf8 Kxf8 22. Qh6+ Ke8 23. Nb5 bxc6 24. Nc7+ Kd8 25. Nxa8 Ne6 26. Qxh7 gxh5 27. Bxh5 Ng7 28. Bxf7 Be6 29. Qg8+ Kd7 30. h5 Bxf7 31. Qxf7 Qxb2 32. c5 dxc5 33. Rd1+ Bd4 34. Nb6+ Kc7 35. Nc4 Qe2 36. Rd2 Qe1+ 37. Kh2 Bf6 38. h6 Nf5 39. Qg6 Qe6 40. h7 Be5+ 41. Nxe5 Qxe5+ 42. g3 Nd4 43. Rxd4 Qxd4 44. Qf7 1-0

[Event "Laval XX"]
[Site "Laval CAN"]
[Date "2003.04.12"]
[Round "3"]
[White "Rousseau, Daniel"]
[Black "Dupuis, Stephane"]
[Result "1/2-1/2"]
[WhiteElo "2104"]
[BlackElo "2182"]
[PlyCount "72"]
[GameId "2160767911303129"]
[EventDate "2003.04.11"]
[EventType "swiss"]
[EventRounds "5"]
[EventCountry "CAN"]
[SourceTitle "EXT 2022"]
[Source "ChessBase"]
[SourceDate "2021.10.06"]
[SourceVersion "1"]
[SourceVersionDate "2021.10.06"]
[SourceQuality "1"]

1. e4 e5 2. Nf3 Nc6 3. Bb5 f5 4. Nc3 fxe4 5. Nxe4 d5 6. Nxe5 dxe4 7. Nxc6 Qg5 8. Qe2 Nf6 9. f4 Qxf4 10. d4 Qd6 11. Ne5+ c6 12. Bc4 Be6 13. c3 Bxc4 14. Nxc4 Qe6 15. Bg5 Be7 16. O-O O-O 17. Nd2 Rae8 18. a4 Kh8 19. Rae1 c5 20. Bxf6 Bxf6 21. dxc5 Re7 22. Qe3 Rfe8 23. Qf4 h6 24. Rxe4 Qc6 25. Rxe7 Rxe7 26. Qd6 Bg5 27. Nc4 Qe4 28. Qd4 Qe2 29. b3 Kh7 30. Rd1 Re3 31. Rf1 Re4 32. Qd1 Be3+ 33. Nxe3 Qxe3+ 34. Kh1 Qxc3 35. h3 Qxc5 36. Qd3 Qe3 1/2-1/2

[Event "Laval XX"]
[Site "Laval CAN"]
[Date "2003.04.12"]
[Round "4"]
[White "Rousseau, Daniel"]
[Black "Krayushkin, Victor"]
[Result "1-0"]
[WhiteElo "2104"]
[BlackElo "2135"]
[PlyCount "115"]
[GameId "2160767911303131"]
[EventDate "2003.04.11"]
[EventType "swiss"]
[EventRounds "5"]
[EventCountry "CAN"]
[SourceTitle "EXT 2022"]
[Source "ChessBase"]
[SourceDate "2021.10.06"]
[SourceVersion "1"]
[SourceVersionDate "2021.10.06"]
[SourceQuality "1"]

1. e4 e5 2. Nf3 Nc6 3. Bb5 a6 4. Ba4 d6 5. c3 Bd7 6. d4 Nge7 7. d5 Nb8 8. Bc2 g6 9. h3 Bg7 10. c4 O-O 11. Nc3 a5 12. Ba4 Na6 13. Bxd7 Qxd7 14. g4 Nc5 15. Be3 b6 16. Bxc5 dxc5 17. Rg1 Nc8 18. Qe2 a4 19. O-O-O Nd6 20. Nd2 Qe7 21. Kc2 Bh6 22. Ndb1 Kh8 23. Na3 Bf4 24. Nab5 f6 25. h4 h6 26. Nxd6 cxd6 27. h5 g5 28. Nb5 Qd7 29. Rd3 Ra5 30. Ra3 Rfa8 31. Ra1 Kg7 32. f3 Kf7 33. Qd3 Ke7 34. b3 Qb7 35. Qc3 Bg3 36. Rxa4 Rxa4 37. bxa4 Bf2 38. Qb3 Bd4 39. Rb1 Kd7 40. Nc3 Qa6 41. Qxb6 Bxc3 42. Kxc3 Qxa4 43. Rb3 Qa5+ 44. Qxa5 Rxa5 45. Rb7+ Kc8 46. Rh7 Rxa2 47. Kb3 Rf2 48. Ka4 Rxf3 49. Kb5 Rf4 50. Kc6 Kb8 51. Kxd6 Rxe4 52. Kc6 Rxc4 53. d6 Rd4 54. d7 c4 55. Rh8+ Ka7 56. d8=Q Rxd8 57. Rxd8 c3 58. Rc8 1-0

[Event "Laval XX"]
[Site "Laval CAN"]
[Date "2003.04.12"]
[Round "5"]
[White "Boulay, David"]
[Black "Rousseau, Daniel"]
[Result "1-0"]
[WhiteElo "2229"]
[BlackElo "2104"]
[PlyCount "87"]
[GameId "2160767911303137"]
[EventDate "2003.04.11"]
[EventType "swiss"]
[EventRounds "5"]
[EventCountry "CAN"]
[SourceTitle "EXT 2022"]
[Source "ChessBase"]
[SourceDate "2021.10.06"]
[SourceVersion "1"]
[SourceVersionDate "2021.10.06"]
[SourceQuality "1"]

1. e4 e5 2. Nf3 Nc6 3. Bb5 a6 4. Ba4 Nf6 5. O-O b5 6. Bb3 Bc5 7. d3 d6 8. c3 Bg4 9. a4 O-O 10. Bg5 Rb8 11. axb5 axb5 12. Bd5 Ne7 13. Bxf6 gxf6 14. Ba2 Ng6 15. h3 Bd7 16. d4 Bb6 17. Nbd2 Qe7 18. Re1 Kh8 19. Nf1 Rg8 20. Ng3 Nf4 21. Nh4 f5 22. Nhxf5 Bxf5 23. exf5 Rg7 24. Qf3 Qh4 25. Re4 Rbg8 26. Kh2 c5 27. dxe5 dxe5 28. c4 b4 29. Rd1 Qf6 30. Kh1 Rg5 31. Bb1 Qh6 32. Kh2 Bc7 33. Rd7 Bb8 34. Rxf7 Nh5 35. Nxh5 Rxg2+ 36. Qxg2 Rxg2+ 37. Kxg2 Qxh5 38. Rf8+ Kg7 39. Rxb8 Qd1 40. Rg4+ Kf7 41. Rb7+ Kf8 42. Be4 h5 43. Rg3 Qd4 44. Bd5 1-0

[Event "Futurity III qual."]
[Site "Montreal CAN"]
[Date "2003.04.04"]
[Round "1"]
[White "Kayembe, Doris"]
[Black "Rousseau, Daniel"]
[Result "0-1"]
[WhiteElo "1887"]
[BlackElo "2071"]
[PlyCount "76"]
[GameId "2160767911303147"]
[EventDate "2003.04.04"]
[EventType "swiss"]
[EventRounds "5"]
[EventCountry "CAN"]
[SourceTitle "EXT 2006"]
[Source "ChessBase"]
[SourceDate "2005.11.24"]
[SourceVersion "1"]
[SourceVersionDate "2005.11.24"]
[SourceQuality "1"]

1. e4 e5 2. Nf3 Nc6 3. Bb5 a6 4. Ba4 Nf6 5. O-O b5 6. Bb3 Bc5 7. c3 d6 8. a4 Rb8 9. d4 Bb6 10. Qd3 exd4 11. axb5 axb5 12. cxd4 Bd7 13. e5 dxe5 14. dxe5 Ng4 15. Qd5 Qe7 16. Bf4 Nb4 17. Qd2 Bf5 18. Bg5 Qc5 19. Qf4 g6 20. Ne1 O-O 21. h3 Nxe5 22. Bf6 Nd7 23. Bc3 Nd5 24. Bxd5 Qxd5 25. Nd2 c5 26. Rd1 b4 27. g4 bxc3 28. gxf5 cxd2 29. Rxd2 Qe5 30. Qh4 Qxf5 31. Ng2 Ne5 32. f4 c4+ 33. Kh1 Nd3 34. Qg3 Rfe8 35. Nh4 Qd5+ 36. Rg2 Re3 37. Qg4 h5 38. Nxg6 hxg4 0-1

[Event "Futurity III qual."]
[Site "Montreal CAN"]
[Date "2003.04.05"]
[Round "2"]
[White "Rousseau, Daniel"]
[Black "McDonough, Jonathan"]
[Result "1-0"]
[WhiteElo "2071"]
[BlackElo "2047"]
[PlyCount "45"]
[GameId "2160767911303155"]
[EventDate "2003.04.04"]
[EventType "swiss"]
[EventRounds "5"]
[EventCountry "CAN"]
[SourceTitle "EXT 2006"]
[Source "ChessBase"]
[SourceDate "2005.11.24"]
[SourceVersion "1"]
[SourceVersionDate "2005.11.24"]
[SourceQuality "1"]

1. e4 e6 2. d4 d5 3. Nc3 Nf6 4. e5 Nfd7 5. f4 c5 6. Nf3 Nc6 7. Be3 cxd4 8. Nxd4 Bc5 9. Qd2 a6 10. O-O-O Nxd4 11. Bxd4 b5 12. h4 Bxd4 13. Qxd4 Qb6 14. Rh3 Qxd4 15. Rxd4 O-O 16. a4 f6 17. exf6 Nxf6 18. Re3 Ne4 19. Nxe4 Rxf4 20. Bd3 g6 21. g3 Rxe4 22. Bxe4 dxe4 23. Rd8+ 1-0